ბათუმის შოთა რუსთაველის სახელმწიფო უნივერსიტეტის ბიბლიოთეკა

მრავალთავი ფილოლოგიურ-ისტორიული ძიებანი III= Мравалтави (ბიბ.ჩანაწერი № 52450)

000 -LEADER
fixed length control field 00872nam a2200217Ia 4500
001 - CONTROL NUMBER
control field 19473
003 - CONTROL NUMBER IDENTIFIER
control field GE_BSU
008 - FIXED-LENGTH DATA ELEMENTS--GENERAL INFORMATION
fixed length control field 181216s||||||||xx |||||||||||||| ||und||
040 ## - CATALOGING SOURCE
Transcribing agency GE_BSU
245 ## - TITLE STATEMENT
Title მრავალთავი ფილოლოგიურ-ისტორიული ძიებანი III= Мравалтави
245 ## - TITLE STATEMENT
Statement of responsibility, etc. ტომის რედ:ქ.ქურციკიძე;მხატ:გ.ნადირაძე
250 ## - EDITION STATEMENT
Edition statement კ.კეკელიძის სახელობის ხელნაწერთა ინ-ტი
260 ## - PUBLICATION, DISTRIBUTION, ETC.
Place of publication, distribution, etc. თბილისი
260 ## - PUBLICATION, DISTRIBUTION, ETC.
Name of publisher, distributor, etc. მეცნიერება
260 ## - PUBLICATION, DISTRIBUTION, ETC.
Date of publication, distribution, etc. 1973
300 ## - PHYSICAL DESCRIPTION
Extent 210 გვ; 27 სმ.
653 ## - INDEX TERM--UNCONTROLLED
Uncontrolled term ქართული ენა
653 ## - INDEX TERM--UNCONTROLLED
Uncontrolled term ქართული ენის ისტორია
942 ## - ADDED ENTRY ELEMENTS (KOHA)
Koha item type წიგნი
ეგზემპლარები
Withdrawn status Lost status Damaged status Not for loan Date acquired Barcode Date last seen Price effective from Koha item type
        2018-12-17 48485 2018-12-17 2018-12-17 წიგნი